Everything changes everything : love, loss, and a ... Read More
Available copies
- 1 of 1 copy available at LARL/NWRL Consortium. (Show)
- 1 of 1 copy available at Lake Agassiz Regional Library.
Current holds
0 current holds with 1 total copy.
Show All Copies
| Location | Call Number / Copy Notes | Barcode | Shelving Location | Status | Due Date |
|---|---|---|---|---|---|
| Ada Public Library | 921 KES (Text) | 33500014350557 | New | Available | - |
Record details
- ISBN: 9780306835759
- ISBN: 0306835754
- Physical Description: x, 271 pages ; 24 cm
- Edition: First edition.
- Publisher: New York : Balance, 2026.
- Copyright: ©2026
Content descriptions
| Summary, etc.: | "A gutsy, no-holds-barred immersion journalist, ... Read More |
Search for related items by subject
| Subject: | Kessler, Lauren Bereavement. Bereaved persons > United States > Biography. Women journalists > United States > Biography. Camino de Santiago de Compostela Camino de Santiago de Compostela. |
| Genre: | Biographies. |
| LDR | 03823cam a2200553 i 4500 | ||
|---|---|---|---|
| 001 | 478839 | ||
| 003 | LARL_NWRL_CONSORTIUM | ||
| 005 | 20260320204225.0 | ||
| 008 | 251217t20262026nyu 000 0aeng | ||
| 007 | t| | ||
| 010 | . | ‡a 2025025501 | |
| 040 | . | ‡aDLC ‡beng ‡erda ‡cDLC ‡dOCLCO ‡dIFK ‡dTOH ‡dOCLCO ‡dHQC ‡dYDX | |
| 020 | . | ‡a9780306835759 ‡qhardcover | |
| 020 | . | ‡a0306835754 ‡qhardcover | |
| 020 | . | ‡z9780306835773 ‡qelectronic book | |
| 035 | . | ‡a(OCoLC)1564169286 | |
| 042 | . | ‡apcc | |
| 043 | . | ‡an-us--- | |
| 082 | 0 | 4. | ‡a155.9/37 ‡223 |
| 100 | 1 | . | ‡aKessler, Lauren, ‡eauthor. ‡4aut ‡4http://id.loc.gov/vocabulary/relators/aut ‡1https://id.oclc.org/worldcat/entity/E39PBJqqtGrvpwt4cDqqfy3RKd ‡1http://id.loc.gov/rwo/agents/n83208339 ‡0(LARL_NWRL_CONSORTIUM)78016 |
| 245 | 1 | 0. | ‡aEverything changes everything : ‡blove, loss, and a really long walk : a memoir / ‡cLauren Kessler. |
| 250 | . | ‡aFirst edition. | |
| 264 | 1. | ‡aNew York : ‡bBalance, ‡c2026. | |
| 264 | 4. | ‡c©2026 | |
| 300 | . | ‡ax, 271 pages ; ‡c24 cm | |
| 334 | . | ‡asingle unit ‡bmono ‡0http://id.loc.gov/vocabulary/issuance/mono | |
| 336 | . | ‡atext ‡btxt ‡2rdacontent ‡0http://id.loc.gov/vocabulary/contentTypes/txt | |
| 337 | . | ‡aunmediated ‡bn ‡2rdamedia ‡0http://id.loc.gov/vocabulary/mediaTypes/n | |
| 338 | . | ‡avolume ‡bnc ‡2rdacarrier ‡0http://id.loc.gov/vocabulary/carriers/nc | |
| 520 | . | ‡a"A gutsy, no-holds-barred immersion journalist, Lauren Kessler has explored everything from the gritty world of a maximum security prison to the grueling world of professional ballet; from the wild, wild west of the anti aging movement to the hidden world of Alzheimer's sufferers. But nothing prepared her for the kind of story no one wants to experience: her beloved husband's illness and his planned death in their living room. And eight months later, her daughter's death, a fentanyl overdose on a ratty couch in a drug house far from home. "It is solved by walking" is the oft-quoted wisdom attributed to Saint Augustine; not a religious person at all, but bereft and needing to do something, Lauren takes on the famed Camino de Santiago in in order separate the life she'd been living from the life that was now in front of her. A story about facing what needs to be faced and not turning away, Everything Changes Everything is about the wounds we suffer, the wounds we hide, and the wounds we learn to heal. It is about the privilege of choosing hardship, the solace of kindred spirits, and the surprise of temporary friendship. It is about ridiculous, unfounded optimism. It is a meditation on collective grief, on life, and what we do when the sidewalk crumbles under us. It is a book about hurt and healing, about grief and joy, about the weight we carry and how to carry it. And the Camino runs through it"-- Provided by publisher. | |
| 600 | 1 | 0. | ‡aKessler, Lauren ‡1http://id.loc.gov/rwo/agents/n83208339 ‡0(LARL_NWRL_CONSORTIUM)78016 |
| 650 | 0. | ‡aBereavement. ‡0(LARL_NWRL_CONSORTIUM)14834 | |
| 650 | 0. | ‡aBereaved persons ‡zUnited States ‡vBiography. | |
| 650 | 0. | ‡aWomen journalists ‡zUnited States ‡vBiography. ‡0(LARL_NWRL_CONSORTIUM)168075 | |
| 651 | 0. | ‡aCamino de Santiago de Compostela ‡1http://id.loc.gov/authorities/subjects/sh2010013310 | |
| 651 | 0. | ‡aCamino de Santiago de Compostela. | |
| 655 | 7. | ‡aBiographies. ‡2lcgft | |
| 758 | . | ‡1http://id.loc.gov/resources/instances/in00024368047 | |
| 758 | . | ‡4http://id.loc.gov/ontologies/bibframe/instanceOf ‡1http://id.loc.gov/resources/works/in00024368047 | |
| 884 | . | ‡aDLC bibframe2marc v3.1-dev ‡g20251217 ‡qDLC ‡uhttps://github.com/lcnetdev/bibframe2marc/tree/v3.1-dev | |
| 901 | . | ‡a478839 ‡bOCoLC ‡c478839 ‡tbiblio ‡soclc | |

Add to basket
Permalink
Disable Highlighting